<?xml version="1.0" encoding="UTF-8"?>
<record
    xmlns:xsi="http://www.w3.org/2001/XMLSchema-instance"
    xsi:schemaLocation="http://www.loc.gov/MARC21/slim http://www.loc.gov/standards/marcxml/schema/MARC21slim.xsd"
    xmlns="http://www.loc.gov/MARC21/slim">

  <leader>01062nam a22002177a 4500</leader>
  <controlfield tag="005">20240930104617.0</controlfield>
  <datafield tag="010" ind1=" " ind2=" ">
    <subfield code="a">HIN-128340</subfield>
  </datafield>
  <datafield tag="020" ind1=" " ind2=" ">
    <subfield code="a">9788188854158</subfield>
    <subfield code="c">225.00</subfield>
  </datafield>
  <datafield tag="035" ind1=" " ind2=" ">
    <subfield code="a">HN-100686</subfield>
  </datafield>
  <datafield tag="037" ind1=" " ind2=" ">
    <subfield code="b">DBAD</subfield>
  </datafield>
  <datafield tag="082" ind1=" " ind2=" ">
    <subfield code="a">&#x915;</subfield>
  </datafield>
  <datafield tag="245" ind1=" " ind2=" ">
    <subfield code="a">&#x915;&#x925;&#x93E;&#x935;&#x93E;&#x930;&#x94D;&#x924;&#x93E;:</subfield>
    <subfield code="b">&#x928;&#x93F;&#x92E;&#x93E;&#x921;&#x93C; &#x905;&#x902;&#x91A;&#x932; &#x92E;&#x947; &#x92A;&#x94D;&#x930;&#x91A;&#x932;&#x93F;&#x924; &#x932;&#x94B;&#x915; (&#x935;&#x94D;&#x930;&#x924;) &#x915;&#x925;&#x93E;&#x90F;&#x901;/</subfield>
    <subfield code="c">&#x935;&#x938;&#x902;&#x924; &#x928;&#x93F;&#x930;&#x917;&#x941;&#x923;&#x947; &#x926;&#x94D;&#x935;&#x93E;&#x930;&#x93E; &#x938;&#x902;&#x92A;&#x93E;&#x926;&#x93F;&#x924;; &#x930;&#x92E;&#x947;&#x936;&#x91A;&#x902;&#x926;&#x94D;&#x930; &#x924;&#x94B;&#x92E;&#x930; &#x926;&#x94D;&#x935;&#x93E;&#x930;&#x93E; &#x938;&#x902;&#x915;&#x932;&#x93F;&#x924;</subfield>
  </datafield>
  <datafield tag="250" ind1=" " ind2=" ">
    <subfield code="a">1</subfield>
  </datafield>
  <datafield tag="260" ind1=" " ind2=" ">
    <subfield code="a">&#x926;&#x93F;&#x932;&#x94D;&#x932;&#x940;</subfield>
    <subfield code="b">&#x938;&#x902;&#x926;&#x930;&#x94D;&#x92D; &#x92A;&#x94D;&#x930;&#x915;&#x93E;&#x936;&#x928;</subfield>
    <subfield code="c">2013</subfield>
  </datafield>
  <datafield tag="270" ind1=" " ind2=" ">
    <subfield code="a">&#x935;&#x940;-8 &#x928;&#x935;&#x940;&#x928; &#x936;&#x93E;&#x939;&#x926;&#x930;&#x93E; (&#x92A;&#x94D;&#x930;&#x925;&#x92E; &#x924;&#x932;)</subfield>
    <subfield code="b">&#x926;&#x93F;&#x932;&#x94D;&#x932;&#x940;</subfield>
    <subfield code="e">110032</subfield>
  </datafield>
  <datafield tag="300" ind1=" " ind2=" ">
    <subfield code="a">128 &#x92A;&#x943;. </subfield>
    <subfield code="c">23 &#x938;&#x947;&#x92E;&#x940; (&#x938;&#x91C;&#x93F;&#x932;&#x94D;&#x926;)</subfield>
  </datafield>
  <datafield tag="650" ind1=" " ind2=" ">
    <subfield code="a">&#x939;&#x93F;&#x928;&#x94D;&#x926;&#x940;</subfield>
    <subfield code="9">72159</subfield>
  </datafield>
  <datafield tag="700" ind1=" " ind2=" ">
    <subfield code="a">&#x928;&#x93F;&#x930;&#x917;&#x941;&#x923;&#x947;, &#x935;&#x938;&#x902;&#x924;</subfield>
    <subfield code="e">&#x938;&#x902;&#x92A;&#x93E;&#x926;&#x915;</subfield>
    <subfield code="9">70991</subfield>
  </datafield>
  <datafield tag="700" ind1=" " ind2=" ">
    <subfield code="a">&#x924;&#x94B;&#x92E;&#x930;, &#x930;&#x92E;&#x947;&#x936;&#x91A;&#x902;&#x926;&#x94D;&#x930;</subfield>
    <subfield code="e">&#x938;&#x902;&#x915;&#x932;&#x915;</subfield>
    <subfield code="9">70996</subfield>
  </datafield>
  <datafield tag="942" ind1=" " ind2=" ">
    <subfield code="a">DPL</subfield>
    <subfield code="c">HN</subfield>
    <subfield code="2">ddc</subfield>
    <subfield code="h">&#x915; </subfield>
    <subfield code="m">&#x915;&#x925;&#x93E;&#x935;&#x93E;</subfield>
  </datafield>
  <datafield tag="999" ind1=" " ind2=" ">
    <subfield code="c">205538</subfield>
    <subfield code="d">205538</subfield>
  </datafield>
  <datafield tag="952" ind1=" " ind2=" ">
    <subfield code="0">0</subfield>
    <subfield code="1">0</subfield>
    <subfield code="4">0</subfield>
    <subfield code="7">0</subfield>
    <subfield code="8">FIC</subfield>
    <subfield code="a">BL4</subfield>
    <subfield code="b">BL4</subfield>
    <subfield code="d">2024-09-04</subfield>
    <subfield code="e">DBAD</subfield>
    <subfield code="g">225.00</subfield>
    <subfield code="l">0</subfield>
    <subfield code="o">&#x915;  &#x915;&#x925;&#x93E;&#x935;&#x93E;</subfield>
    <subfield code="p">HN-100686</subfield>
    <subfield code="r">2024-09-04 00:00:00</subfield>
    <subfield code="t">1</subfield>
    <subfield code="v">225.00</subfield>
    <subfield code="w">2024-09-04</subfield>
    <subfield code="y">HN</subfield>
  </datafield>
</record>
